China Factor in india- Vietnam Relations: (Record no. 186946)

MARC details
000 -LEADER
fixed length control field 00626nam a22001817a 4500
005 - DATE AND TIME OF LATEST TRANSACTION
control field 20220406145638.0
010 ## - LCCN (DPL NO)
LC control number ENG-132102
020 ## - INTERNATIONAL STANDARD BOOK NUMBER
International Standard Book Number 9788195285891
Terms of availability 1280.00
035 ## - SYSTEM CONTROL NUMBER
System control number EN-115634
037 ## - SOURCE OF ACQUISITION
Source of stock number/acquisition DBAD/PUB
082 ## - DEWEY DECIMAL CLASSIFICATION NUMBER
Classification number 327.540597
100 ## - MAIN ENTRY--PERSONAL NAME
Personal name Mukherjee, Tilottama
245 ## - TITLE STATEMENT
Title China Factor in india- Vietnam Relations:
Remainder of title 1991-2019/
Statement of responsibility, etc Tilottama Mukerjee
260 ## - PUBLICATION, DISTRIBUTION, ETC. (IMPRINT)
Place of publication, distribution, etc New Delhi
Name of publisher, distributor, etc KW Publication Pvt. Ltd
Date of publication, distribution, etc 2021
270 ## - ADDRESS
Address 4676/21, First Floor, Ansari Road Daryaganj,
City New Delhi
Postal code 110002
Telephone number 91 1143528107
300 ## - PHYSICAL DESCRIPTION
Extent xvii, 315p
Other physical details Bibliography
Dimensions 23cm(hbk)
942 ## - ADDED ENTRY ELEMENTS (KOHA)
Source of classification or shelving scheme Dewey Decimal Classification
Item type English Books
Classification part 327.540597
Call number suffix MUK
Holdings
Withdrawn status Lost status Not for loan Collection code Home library Current library Date acquired Source of acquisition Cost, normal purchase price Full call number Barcode Copy number Cost, replacement price Koha item type
      Non-fiction Central Library Central Library 23/03/2022 DBAD/PUB 1280.00 327.540597 MUK EN-115634 1 1280.00 English Books

© Delhi Public Library
Hit Counter
free hit counter